000 00753nam a22002417a 4500
005 20250416110822.0
010 _aENG-144635
020 _c1850.00
_a9789384335359
035 _aEN-128167
037 _bDBAD
082 _a541.089
100 _aSwain, Chandra Kishore
_980611
245 _aProceeding of Application of Space And Modern Technology in Agriculture and Environment
_cKishore Chandra Swain
250 _a1
260 _aDelhi
_bMukund Publication
_c2022
270 _aE-11/5, Krishana Nagar,
_bDelhi
_e110051
300 _a368 p.
_c22(hb)
700 _aAshish Kumar Chatterjee
_980612
700 _aPulak Kumar Patra
_980613
700 _aP. Kandasamy
_980614
760 _b1
942 _2ddc
_cEN
_h541.089
_mSWA
_e1
999 _c210966
_d210966